Estática (Registro nro. 15294)
[ vista simple ]
| 000 -Cabecera | |
|---|---|
| Campo de control interno | 00900nam a2200217Ia 4500 |
| 005 - Fecha y hora del registro | |
| control field | 20260311164626.0 |
| 008 - Elementos de Longitud Fija | |
| fixed length control field | 260306t2010||||xx |||||||||||||| ||und|| |
| 041 ## - Idioma | |
| Codigo Idioma | ESP |
| 082 ## - DEWEY y NOTACIÓN INTERNA | |
| Dewey | 531.12 |
| Notación Interna | H441 |
| 100 ## - AUTOR | |
| Autor denominación | Hibbeler, Russell C. |
| Término de relación | autor |
| 245 #0 - TÍTULO DE MATERIAL BIBLIOGRÁFICO | |
| Título | Estática |
| 260 ## - CIUDAD, EDITORIAL, AÑO | |
| Año | 2010 |
| 300 ## - DESCRIPCIÓN | |
| N° Páginas | 000 páginas : |
| Dimensiones | 00 cm. |
| 650 ## - TEMAS | |
| Temas | Generalidades |
| 654 ## - PROGRAMAS | |
| Programa | Dpto. de Ciencias Naturales |
| 856 ## - URL - UBICACIÓN | |
| URI/URL: Enlace exacto del recurso | <a href="https://itmsp.museknowledge.com/UCSP?url=https://www.ebooks7-24.com:443/?il=19687&pg=1">https://itmsp.museknowledge.com/UCSP?url=https://www.ebooks7-24.com:443/?il=19687&pg=1</a> |
| Nota pública: Versión digital | <a href="Introducción a la Estática, por Pytel, Andrew. Versión digital">Introducción a la Estática, por Pytel, Andrew. Versión digital</a> |
| 856 ## - URL - UBICACIÓN | |
| URI/URL: Enlace exacto del recurso | <a href="https://0u213s3ms-y-https-ebooks7--24-com.itmsp.museknowledge.com/biblioteca.aspx?t=82FA4D14-8584-48F7-9345-C34119061441">https://0u213s3ms-y-https-ebooks7--24-com.itmsp.museknowledge.com/biblioteca.aspx?t=82FA4D14-8584-48F7-9345-C34119061441</a> |
| Nota pública: Versión digital | <a href="Véase además: Base de datos Ebook7-24">Véase además: Base de datos Ebook7-24</a> |
| 856 ## - URL - UBICACIÓN | |
| URI/URL: Enlace exacto del recurso | <a href="https://0u21ds3pp-y-https-ebooks-editorialmacro-com.itmsp.museknowledge.com/library">https://0u21ds3pp-y-https-ebooks-editorialmacro-com.itmsp.museknowledge.com/library</a> |
| Nota pública: Versión digital | <a href="Véase además: Base de datos Macro Digital">Véase además: Base de datos Macro Digital</a> |
| 942 ## - ELEMENTOS DE KOHA | |
| Tipo de documento | Libro |
| Nombre del creador | Justo Noguera |
| Código de catalogador | Justo Noguera |
| Esquema de clasificación | Dewey Decimal Classification |
| Codigo completo | Registro | Colección | Copia número | Disponibilidad | Tipo de préstamo | Biblioteca Actual | Procedencia (Biblioteca) | Ubicacón | Fecha Ingreso | Tipo de Adquisición | Date last seen | Total checkouts | Price effective from | Tipo de Item | Estado del Material | Fuente de Clasificación | Damaged status | Withdrawn status | Date last checked out |
|---|---|---|---|---|---|---|---|---|---|---|---|---|---|---|---|---|---|---|---|
| 531.12 H441 | 1007324 | Universidad Católica San Pablo | 1 | Disponible | Disponible | Víctor Andrés Belaunde | Víctor Andrés Belaunde | Segundo piso | 03/06/2026 | Compra | 06/03/2026 | 06/03/2026 | Libro | Bueno | Dewey Decimal Classification | ||||
| 531.12 H441 | 1008757 | Universidad Católica San Pablo | 2 | Disponible | Disponible | Víctor Andrés Belaunde | Víctor Andrés Belaunde | Segundo piso | 11/03/2026 | Compra | 11/03/2026 | 11/03/2026 | Libro | Bueno | Dewey Decimal Classification | ||||
| 531.12 H441 | 1010133 | Universidad Católica San Pablo | 3 | Disponible | Disponible | Víctor Andrés Belaunde | Víctor Andrés Belaunde | Segundo piso | 18/03/2026 | Compra | 18/03/2026 | 18/03/2026 | Libro | Bueno | Dewey Decimal Classification | ||||
| 531.12 H441 | 1013089 | Universidad Católica San Pablo | 4 | Disponible | Disponible | Víctor Andrés Belaunde | Víctor Andrés Belaunde | Segundo piso | 18/03/2026 | Compra | 27/04/2026 | 1 | 18/03/2026 | Libro | Bueno | Dewey Decimal Classification | 25/04/2026 |




